[Event "40th Olympiad Open"]
[Site "Istanbul TUR"]
[Date "2012.08.31"]
[Round "4.33"]
[Board "2"]
[White "Pinal, Nelson B"]
[Black "Iordachescu, Viorel"]
[Result "0-1"]
[WhiteTitle "IM"]
[BlackTitle "GM"]
[WhiteElo "2322"]
[BlackElo "2645"]
[WhiteTeam "Dominican Republic"]
[BlackTeam "Moldova"]
[WhiteFideId "3500594"]
[BlackFideId "13900200"]
[EventDate "2012.08.28"]

1. e4 g6 2. d4 Bg7 3. Nc3 c6 4. g3 d5 5. exd5 cxd5 6. Bg2 Nf6 7. h3 Nc6 8. Nf3
O-O 9. O-O Ne4 10. Nxe4 dxe4 11. Ng5 Qxd4 12. Nxe4 Rd8 13. Qxd4 Nxd4 14. c3 Ne2+
15. Kh2 Nxc1 16. Raxc1 Bf5 17. Rcd1 Rac8 18. Bf3 b6 19. a3 Be6 20. Rxd8+ Rxd8
21. Rd1 Rxd1 22. Bxd1 f5 23. Ng5 Ba2 24. Kg2 h6 25. Nf3 Bd5 26. Kf1 Kf7 27. Nd2
Kf6 28. Bb3 Bc6 29. Nc4 g5 30. Ne3 e6 31. Ke2 h5 32. f3 Bf8 33. Bc4 Bc5 34. Bd3
Bd6 35. Nf1 e5 36. Nd2 b5 37. Bc2 h4 38. g4 e4 39. gxf5 exf3+ 40. Nxf3 Bf4 41.
b3 Bd6 42. a4 bxa4 43. bxa4 Bf4 44. Kf2 Bd5 45. Ke2 Bc4+ 46. Kf2 Bg3+ 47. Kg1
Bd5 48. Nh2 Bxh2+ 49. Kxh2 a5 50. Kg1 Ke5 51. Kf2 Kf4 52. Bd3 Bb3 53. c4 Ke5 54.
c5 Bxa4 55. Be4 Bb5 56. Ke3 a4 57. Kd2 a3 58. Kc2 Bc4 59. c6 Kd6 60. f6 Be6 61.
Bg2 Ke5 62. c7 Kxf6 63. Bb7 Bxh3 64. c8=Q Bxc8 65. Bxc8 Ke5 66. Kb3 Kf4 67. Kxa3
g4 0-1

[Event "40th Olympiad Open"]
[Site "Istanbul TUR"]
[Date "2012.08.31"]
[Round "4.33"]
[Board "3"]
[White "Svetushkin, Dmitry"]
[Black "Puntier, William"]
[Result "1-0"]
[WhiteTitle "GM"]
[BlackTitle "FM"]
[WhiteElo "2569"]
[BlackElo "2312"]
[WhiteTeam "Moldova"]
[BlackTeam "Dominican Republic"]
[WhiteFideId "13900463"]
[BlackFideId "6400299"]
[EventDate "2012.08.28"]

1. d4 Nf6 2. c4 g6 3. f3 d5 4. cxd5 Nxd5 5. e4 Nb6 6. Nc3 Bg7 7. Be3 Nc6 8. d5
Ne5 9. Bd4 O-O 10. f4 Ng4 11. Bxg7 Kxg7 12. Qd4+ Kg8 13. Nf3 c6 14. O-O-O Qc7
15. d6 Qxd6 16. Qxd6 exd6 17. Rxd6 Ne3 18. Rd3 Nxf1 19. Rxf1 Nd7 20. Rd6 Nc5 21.
h3 a5 22. Rfd1 Re8 23. g4 b6 24. e5 Bb7 25. Ng5 Kg7 26. Nce4 Nxe4 27. Nxe4 Ba6
28. Nf6 Rab8 29. Rxc6 Rbc8 30. Rd6 Bc4 31. b3 Be6 32. Rxc8 Rxc8+ 33. Kd2 Rb8 34.
Ke3 b5 35. Ra6 a4 36. bxa4 b4 37. a5 h5 38. Rb6 Ra8 39. a6 hxg4 40. hxg4 Bxa2
41. a7 g5 42. Rb8 1-0

[Event "40th Olympiad Open"]
[Site "Istanbul TUR"]
[Date "2012.08.31"]
[Round "4.33"]
[Board "4"]
[White "Flaquer, Luis"]
[Black "Vedmediuc, Serghei"]
[Result "0-1"]
[WhiteTitle "FM"]
[BlackTitle "IM"]
[WhiteElo "2297"]
[BlackElo "2468"]
[WhiteTeam "Dominican Republic"]
[BlackTeam "Moldova"]
[WhiteFideId "6400485"]
[BlackFideId "13900790"]
[EventDate "2012.08.28"]

1. e4 c6 2. Nf3 d5 3. Nc3 Bg4 4. h3 Bxf3 5. Qxf3 Nf6 6. d3 e6 7. g4 Bb4 8. a3
Qa5 9. Ra2 Bxc3+ 10. bxc3 Qxc3+ 11. Bd2 dxe4 12. Qe3 Qe5 13. d4 Qc7 14. g5 Nd5
15. Qxe4 Nd7 16. c4 Ne7 17. Bg2 O-O 18. O-O Rfe8 19. a4 Ng6 20. a5 f5 21. Qc2 e5
22. dxe5 f4 23. a6 Ndxe5 24. axb7 Qxb7 25. Be4 Qe7 26. h4 Qe6 27. f3 Qh3 28. Be1
Nxh4 29. Bxh7+ Kh8 30. Bxh4 Qxh4 31. Qc3 Qxg5+ 32. Rg2 Qf6 33. Rh2 Re7 34. Kh1
g5 35. Be4+ Kg8 36. Kg2 Ng4 37. Qxf6 Nxf6 38. Bxc6 Rc8 39. Bb5 Kg7 40. Kg1 Kg6
41. Ra2 Rcc7 42. Rd1 g4 43. fxg4 Kg5 44. Ra5 Re5 45. Rda1 Nxg4 46. Rxa7 Rxa7 47.
Rxa7 f3 48. Ra1 Re2 0-1

[Event "40th Olympiad Open"]
[Site "Istanbul TUR"]
[Date "2012.08.31"]
[Round "4.34"]
[Board "1"]
[White "Rodriguez Vila, Andres"]
[Black "Filippov, Anton UZB"]
[Result "0-1"]
[WhiteTitle "GM"]
[BlackTitle "GM"]
[WhiteElo "2536"]
[BlackElo "2617"]
[WhiteTeam "Uruguay"]
[BlackTeam "Uzbekistan"]
[WhiteFideId "3000010"]
[BlackFideId "14200988"]
[EventDate "2012.08.28"]

1. e4 e5 2. Nf3 Nc6 3. Bc4 Bc5 4. c3 Nf6 5. d3 O-O 6. O-O d5 7. exd5 Nxd5 8. Re1
Bg4 9. h3 Bh5 10. Nbd2 Nb6 11. Bb5 Bd6 12. Bxc6 bxc6 13. Ne4 f5 14. Ng3 Bxf3 15.
Qxf3 Qd7 16. c4 Rae8 17. b3 c5 18. Bb2 Qf7 19. Re2 Re6 20. Rae1 Nd7 21. Qb7 g5
22. Nf1 h5 23. f3 Qh7 24. Qxa7 Rg6 25. Qb7 g4 26. fxg4 hxg4 27. hxg4 Rxg4 28.
Rf2 f4 29. Qd5+ Rf7 30. Rf3 Kf8 31. Re2 Rfg7 32. Qe4 Qh5 33. Ne3 R4g5 34. Qa8+
Kf7 35. Qd5+ Ke7 36. Nf1 Nf6 37. Qc6 Rh7 38. Kf2 Qh4+ 39. g3 fxg3+ 40. Nxg3 Rxg3
41. Rxe5+ Bxe5 42. Qxc5+ Bd6 43. Bxf6+ Qxf6 0-1

[Event "40th Olympiad Open"]
[Site "Istanbul TUR"]
[Date "2012.08.31"]
[Round "4.34"]
[Board "3"]
[White "Roselli Mailhe, Bernardo"]
[Black "Kvon, Andrey"]
[Result "0-1"]
[WhiteTitle "IM"]
[BlackTitle "IM"]
[WhiteElo "2420"]
[BlackElo "2492"]
[WhiteTeam "Uruguay"]
[BlackTeam "Uzbekistan"]
[WhiteFideId "3000028"]
[BlackFideId "14201356"]
[EventDate "2012.08.28"]

1. d4 Nf6 2. c4 e6 3. Nc3 Bb4 4. Qc2 O-O 5. a3 Bxc3+ 6. Qxc3 b6 7. Bg5 c5 8.
dxc5 bxc5 9. f3 Nc6 10. e3 Rb8 11. Nh3 d5 12. Bxf6 Qxf6 13. Qxf6 gxf6 14. cxd5
exd5 15. O-O-O Bxh3 16. gxh3 Rfe8 17. Rxd5 Rxe3 18. Rxc5 Nd4 19. Bc4 Nxf3 20.
Rc7 Ne5 21. Rg1+ Kf8 22. Rg3 Re1+ 23. Kc2 Nxc4 24. Rxc4 Re2+ 25. Kc3 Rexb2 26.
Rh4 Ra2 27. Rxh7 Rxa3+ 28. Kc4 Ra4+ 29. Kc5 Rb6 30. Rh8+ Ke7 31. Rc8 Ra5+ 32.
Kc4 f5 33. Rg7 Rb7 34. Rc6 Ra2 35. Kd4 Rxh2 36. Rh7 Rhb2 37. Ke5 R2b5+ 38. Kf4
a5 39. Ra6 Rb4+ 40. Kg5 a4 41. Rf6 Kf8 42. Rh8+ Kg7 43. Ra8 R7b5 44. Raa6 Rb1
45. Rxf5 Rg1+ 46. Kh4 Rxf5 47. Rg6+ Kf8 48. Rg8+ Ke7 49. Re8+ Kd6 50. Re6+ Kc5
51. Re5+ Kb4 52. Rb5+ Kc3 53. Rc5+ Kb2 54. Rb5+ Kc3 55. Rc5+ Kd4 56. Rxf5 a3 57.
Ra5 Ra1 58. Kg5 a2 59. Kh6 f5 60. h4 f4 61. Ra8 f3 62. Rd8+ Ke5 0-1

[Event "40th Olympiad Open"]
[Site "Istanbul TUR"]
[Date "2012.08.31"]
[Round "4.34"]
[Board "4"]
[White "Khamrakulov, Djurabek"]
[Black "Sanguinetti, Luis"]
[Result "1/2-1/2"]
[WhiteTitle "IM"]
[WhiteElo "2454"]
[BlackElo "2218"]
[WhiteTeam "Uzbekistan"]
[BlackTeam "Uruguay"]
[WhiteFideId "14201143"]
[BlackFideId "3002608"]
[EventDate "2012.08.28"]

1. e4 c5 2. c3 d5 3. exd5 Qxd5 4. d4 Nc6 5. Nf3 Bf5 6. Be3 Nf6 7. Qa4 cxd4 8.
cxd4 e6 9. Nc3 Bb4 10. Bb5 O-O 11. O-O Bxc3 12. bxc3 a6 13. Be2 b5 14. Qa3 Ne4
15. Bf4 Rfc8 16. Rfc1 Qd8 17. Qb2 Ne7 18. c4 bxc4 19. Bxc4 Nd5 20. Bg3 Nxg3 21.
hxg3 Qd6 22. Qe2 a5 23. Nh4 Bg6 24. Nxg6 hxg6 25. Qe4 Qa3 26. Qf3 Qb2 27. Qd1
Nc3 28. Qf3 Nd5 29. Qd1 Nc3 30. Qf3 Nd5 31. Qd1 Nc3 32. Qf3 Nd5 33. Qd1 Nc3 34.
Qf3 Nd5 1/2-1/2

[Event "40th Olympiad Open"]
[Site "Istanbul TUR"]
[Date "2012.08.31"]
[Round "4.35"]
[Board "1"]
[White "Grandelius, Nils"]
[Black "Salem, A.R. Saleh"]
[Result "0-1"]
[WhiteTitle "GM"]
[BlackTitle "GM"]
[WhiteElo "2562"]
[BlackElo "2546"]
[WhiteTeam "Sweden"]
[BlackTeam "United Arab Emirates"]
[WhiteFideId "1710400"]
[BlackFideId "9301348"]
[EventDate "2012.08.28"]

1. d4 Nf6 2. c4 g6 3. Nc3 d5 4. cxd5 Nxd5 5. Nf3 Bg7 6. Bg5 c5 7. Rc1 Nc6 8.
Nxd5 Qxd5 9. Rxc5 Qxa2 10. e3 Qxb2 11. Be2 h6 12. Bh4 e5 13. O-O exd4 14. exd4
O-O 15. d5 Nd4 16. Nxd4 Qxd4 17. Be7 Re8 18. Rc7 Qb6 19. d6 Be6 20. Bf3 Rab8 21.
Qa4 Rxe7 22. Rxe7 Qxd6 23. Rxb7 Rxb7 24. Bxb7 Qb6 25. Qc6 Qb2 26. Bc8 Ba2 27.
Ba6 Bd4 28. g3 Kg7 29. Kg2 Bb3 30. Qf3 Qa2 31. Qd3 Bd5+ 32. Kg1 Qb2 33. Qe2 Qc3
34. Rb1 h5 35. Bb7 Be6 36. Qf3 Qc5 37. Ba6 Bf5 38. Re1 Qb6 39. Bf1 a5 40. h3 a4
41. Qf4 a3 42. Bc4 Bf6 43. Qe3 Qc6 44. Qb3 Qc7 45. Re8 Bd4 46. Ra8 Qe5 47. Bf1
Qe1 48. Qa2 Bd3 0-1

[Event "40th Olympiad Open"]
[Site "Istanbul TUR"]
[Date "2012.08.31"]
[Round "4.35"]
[Board "2"]
[White "Omar, Noaman"]
[Black "Tikkanen, Hans"]
[Result "0-1"]
[WhiteTitle "IM"]
[BlackTitle "GM"]
[WhiteElo "2322"]
[BlackElo "2570"]
[WhiteTeam "United Arab Emirates"]
[BlackTeam "Sweden"]
[WhiteFideId "9300244"]
[BlackFideId "1706446"]
[EventDate "2012.08.28"]

1. d4 d5 2. c4 c6 3. Nf3 Nf6 4. Nc3 dxc4 5. a4 Bf5 6. Nh4 Bd7 7. e4 e6 8. Bxc4
Nxe4 9. Nxe4 Qxh4 10. Qf3 Bb4+ 11. Kf1 h6 12. Bf4 O-O 13. Be5 c5 14. Nf6+ Kh8
15. Nh5 Bc6 16. Bxg7+ Kg8 17. Qg3 Qxh5 18. Bxh6+ Qg6 19. Qxg6+ fxg6 20. Bxe6+
Rf7 21. h4 Kh7 22. d5 Bxd5 23. Bxf7 Bxf7 24. Be3 Nc6 25. Rd1 Nd4 26. Bxd4 Rd8
27. Ke2 cxd4 28. Kd3 Bb3 29. Ra1 Be6 30. f3 Bf5+ 31. Kc4 a5 32. g4 Bc2 33. h5 d3
34. hxg6+ Kxg6 0-1

[Event "40th Olympiad Open"]
[Site "Istanbul TUR"]
[Date "2012.08.31"]
[Round "4.35"]
[Board "3"]
[White "Carlsson, Pontus"]
[Black "Faisal, Abdulla"]
[Result "1/2-1/2"]
[WhiteTitle "GM"]
[BlackTitle "CM"]
[WhiteElo "2511"]
[BlackElo "2245"]
[WhiteTeam "Sweden"]
[BlackTeam "United Arab Emirates"]
[WhiteFideId "1705814"]
[BlackFideId "9301232"]
[EventDate "2012.08.28"]

1. e4 c5 2. Nf3 e6 3. c3 d5 4. e5 Bd7 5. d4 Qb6 6. Bd3 Bb5 7. Bxb5+ Qxb5 8. a4
Qd7 9. dxc5 Bxc5 10. b4 Bb6 11. O-O Nc6 12. Qe2 Nge7 13. Nbd2 O-O 14. Nb3 a6 15.
a5 Ba7 16. Be3 Bxe3 17. Qxe3 Nf5 18. Qb6 Rab8 19. Rad1 Qd8 20. Qxd8 Rfxd8 21.
Nc5 h5 22. g3 d4 23. Nxd4 Nfxd4 24. cxd4 Nxb4 25. Nb3 Rd5 26. Ra1 Nc6 27. Rfd1
Rbd8 28. Rdb1 Rb5 29. Nc5 Rxb1+ 30. Rxb1 Nxa5 31. Rb4 Rb8 32. Nxa6 Nc6 33. Rb6
bxa6 34. Rxc6 Rb4 35. d5 exd5 36. Rxa6 Re4 37. f4 Re2 38. Rd6 Rd2 39. f5 Kf8 40.
Rd7 d4 41. h3 d3 42. Kf1 Re2 43. f6 gxf6 44. exf6 Kg8 45. Rxd3 Re6 46. Rd5 Rxf6+
47. Kg2 Rh6 48. Kf3 Kg7 49. Kf4 Kg6 50. Rg5+ Kf6 51. Rg8 Rh7 52. Ra8 Kg6 53.
Rg8+ Kf6 54. Rf8 Kg7 55. Rb8 Kg6 56. Ke5 f6+ 57. Ke6 Ra7 58. Rg8+ Kh7 59. Rd8
Ra3 60. Kxf6 Rxg3 61. h4 Rg4 62. Kf5 1/2-1/2

[Event "40th Olympiad Open"]
[Site "Istanbul TUR"]
[Date "2012.08.31"]
[Round "4.35"]
[Board "4"]
[White "Khouri, Ibrahim Mohamed"]
[Black "Smith, Axel"]
[Result "1-0"]
[WhiteTitle "FM"]
[BlackTitle "IM"]
[WhiteElo "2228"]
[BlackElo "2503"]
[WhiteTeam "United Arab Emirates"]
[BlackTeam "Sweden"]
[WhiteFideId "9301526"]
[BlackFideId "1707930"]
[EventDate "2012.08.28"]

1. e4 c5 2. Nf3 d6 3. d4 cxd4 4. Nxd4 Nf6 5. Nc3 g6 6. Be3 Bg7 7. f3 Nc6 8. Qd2
O-O 9. g4 Be6 10. Nxe6 fxe6 11. O-O-O Ne5 12. Be2 Rc8 13. h4 Nfd7 14. f4 Nc4 15.
Bxc4 Rxc4 16. Qd3 Rxc3 17. bxc3 Qa5 18. Qc4 Bxc3 19. Qxe6+ Rf7 20. Rd3 Nc5 21.
Bxc5 Qxc5 22. h5 g5 23. Qb3 Bd4 24. Rhd1 e5 25. fxg5 Kg7 26. Rh1 Qc8 27. Rf3 Rf4
28. g6 hxg6 29. hxg6 Kxg6 30. Rfh3 Rxg4 31. Rh6+ Kg5 32. R1h5+ Kf4 33. Rf6+ Kxe4
34. Qf3# 1-0

[Event "40th Olympiad Open"]
[Site "Istanbul TUR"]
[Date "2012.08.31"]
[Round "4.36"]
[Board "1"]
[White "Lodhi, Mahmood"]
[Black "Smerdon, David"]
[Result "1/2-1/2"]
[WhiteTitle "IM"]
[BlackTitle "GM"]
[WhiteElo "2358"]
[BlackElo "2507"]
[WhiteTeam "Pakistan"]
[BlackTeam "Australia"]
[WhiteFideId "7800010"]
[BlackFideId "3202305"]
[EventDate "2012.08.28"]

1. d4 e6 2. Nf3 f5 3. g3 Nf6 4. Bg2 d5 5. c4 c6 6. Nc3 Bd6 7. cxd5 exd5 8. O-O
O-O 9. e3 Ne4 10. Ne2 Qe7 11. Nf4 b6 12. Nd3 Ba6 13. b3 Nd7 14. Bb2 Rac8 15. Re1
Rf6 16. Rc1 Rh6 17. Re2 Ndf6 18. Rec2 Ng4 19. Nde5 Qe8 20. h3 Nxe5 21. dxe5 Bc5
22. a3 Bb5 23. b4 Bf8 24. Nd4 Ba4 25. Nxf5 Re6 26. f4 Kh8 27. g4 a5 28. Nd4 Re7
29. Qd3 Bxc2 30. Qxc2 axb4 31. axb4 c5 32. Bxe4 dxe4 33. Nf5 Ra7 34. Qxe4 Ra2
35. Qb1 Qe6 36. Nd4 Qd5 37. e4 Rxb2 38. Qxb2 Qxe4 39. Ne6 Qe3+ 40. Kg2 Qe4+ 41.
Kg3 Ra8 42. Qb3 h5 43. Ng5 h4+ 44. Kxh4 Be7 45. Qf7 Qh7+ 46. Qh5 Qh6 47. bxc5
bxc5 48. Qxh6+ gxh6 49. Kh5 hxg5 50. f5 Kg7 51. f6+ Bxf6 52. exf6+ Kxf6 53. Rf1+
Ke5 54. Kxg5 Rg8+ 55. Kh4 c4 56. g5 c3 57. Kg4 c2 58. Re1+ Kd6 59. Rc1 Rc8 60.
h4 Ke6 61. h5 Rc4+ 62. Kg3 Kf5 63. g6 Kf6 64. Kf3 Kg7 65. Ke3 Rc5 1/2-1/2

[Event "40th Olympiad Open"]
[Site "Istanbul TUR"]
[Date "2012.08.31"]
[Round "4.36"]
[Board "2"]
[White "Wohl, Aleksandar H."]
[Black "Qureshi, M.A."]
[Result "1/2-1/2"]
[WhiteTitle "IM"]
[WhiteElo "2411"]
[BlackElo "2190"]
[WhiteTeam "Australia"]
[BlackTeam "Pakistan"]
[WhiteFideId "3200345"]
[BlackFideId "5002753"]
[EventDate "2012.08.28"]

1. Nf3 Nf6 2. c4 e6 3. g3 d5 4. Bg2 Be7 5. O-O O-O 6. b3 c5 7. Bb2 d4 8. e3 Nc6
9. exd4 cxd4 10. Re1 Re8 11. Na3 Bf8 12. Ne5 Nxe5 13. Rxe5 Nd7 14. Re1 e5 15. d3
Rb8 16. Qe2 Nc5 17. b4 Na4 18. Qc2 Nxb2 19. Qxb2 Bf5 20. Qb3 b6 21. b5 Qd6 22.
Nc2 Qg6 23. Rad1 Bg4 24. Rc1 Bf5 25. Rcd1 Bg4 26. Rc1 Bf5 27. Rcd1 Bg4 28. Rc1
Bf5 29. Rcd1 Bg4 30. Rc1 Bf5 1/2-1/2

[Event "40th Olympiad Open"]
[Site "Istanbul TUR"]
[Date "2012.08.31"]
[Round "4.36"]
[Board "3"]
[White "Waqar, Ahmad Madni"]
[Black "Solomon, Stephen J."]
[Result "1/2-1/2"]
[BlackTitle "IM"]
[WhiteElo "2062"]
[BlackElo "2378"]
[WhiteTeam "Pakistan"]
[BlackTeam "Australia"]
[WhiteFideId "7800371"]
[BlackFideId "3200043"]
[EventDate "2012.08.28"]

1. e4 e5 2. Nf3 Nc6 3. Bb5 a6 4. Bxc6 dxc6 5. O-O f6 6. d4 Bg4 7. dxe5 Qxd1 8.
Rxd1 fxe5 9. Rd3 Bd6 10. Nbd2 Nf6 11. Nc4 O-O 12. Nfxe5 Be2 13. Rd2 Bxc4 14.
Nxc4 Nxe4 15. Re2 Rae8 16. Be3 Nf6 17. Rae1 Nd5 18. Bd2 Rxe2 19. Rxe2 Bc5 20. g3
h6 21. Kg2 Rd8 22. Kf1 Nf6 23. h3 Bd4 24. c3 Bc5 25. Ke1 Bf8 26. Bf4 Nd5 27. Bd2
c5 28. Ne3 b5 29. Nxd5 Rxd5 30. Re6 Rd6 31. Re4 c4 32. Bf4 Rc6 33. Kd2 Kf7 34.
Be5 Bd6 35. Bd4 a5 36. a3 h5 37. h4 g6 38. Kc2 Ra6 39. Be3 a4 40. Kd2 Ra8 41.
Bg5 c6 42. Bf4 Bc5 43. Be3 Rd8+ 44. Ke2 Bf8 45. Bg5 Rd6 46. Be3 Bg7 47. Bg5 Rd7
48. Be3 Rd5 49. Bg5 Be5 50. Bf4 Bf6 51. Be3 Rd3 52. Bf4 Rd5 53. Be3 Be5 54. Bf4
Bxf4 55. Rxf4+ Ke6 56. Rf8 g5 57. hxg5 Rxg5 58. Rd8 Ke7 59. Rd4 Ke6 60. Ke3 c5
61. Rf4 Kd5 62. Kf3 Re5 63. Rh4 Kc6 64. Re4 Rf5+ 65. Kg2 Rd5 66. Re6+ Kc7 67.
Re2 Kb6 68. f3 b4 69. g4 hxg4 70. fxg4 bxa3 71. bxa3 Rd3 72. Rf2 Rxc3 73. Rf3
Rb3 74. g5 c3 75. Rf1 c2 76. Rc1 Rxa3 77. Rxc2 Re3 78. Kf1 a3 79. g6 Re7 80. Ra2
Rg7 81. Rxa3 Rxg6 82. Ke2 Kb5 83. Kd2 Kb4 84. Rh3 Rg2+ 85. Kc1 Re2 86. Rg3 Rh2
87. Rf3 c4 88. Rg3 c3 89. Rg8 Kb3 90. Rb8+ Kc4 91. Rc8+ Kd3 1/2-1/2

[Event "40th Olympiad Open"]
[Site "Istanbul TUR"]
[Date "2012.08.31"]
[Round "4.36"]
[Board "4"]
[White "Illingworth, Max"]
[Black "Ahmed, Haseeb"]
[Result "1-0"]
[WhiteTitle "FM"]
[WhiteElo "2360"]
[BlackElo "2296"]
[WhiteTeam "Australia"]
[BlackTeam "Pakistan"]
[WhiteFideId "3205207"]
[BlackFideId "7800096"]
[EventDate "2012.08.28"]

1. e4 e5 2. Nf3 Nc6 3. Bc4 Bc5 4. b4 Bb6 5. a4 a6 6. c3 Nf6 7. d3 d6 8. O-O Bg4
9. h3 Bh5 10. Nbd2 O-O 11. Re1 d5 12. exd5 Nxd5 13. Ne4 Kh8 14. Bd2 f6 15. Ng3
Bf7 16. Bb3 Qd7 17. Bc2 Rad8 18. Nh4 a5 19. b5 Nce7 20. Qf3 Ng6 21. Nhf5 Ndf4
22. d4 Ne6 23. Be3 exd4 24. cxd4 Rfe8 25. Rad1 Nef8 26. Nxg7 Bd5 27. Qxf6 Qxg7
28. Bg5 Ne6 29. Nh5 Qxf6 30. Bxf6+ Kg8 31. Bxd8 Rxd8 32. Nf6+ Kf7 33. Nxd5 Rxd5
34. Bb3 Rd6 35. Rd3 Nf4 36. Rf3 Kg7 37. Re4 Rxd4 38. Re1 Ng5 39. Rg3 Kh6 40. h4
Ne4 41. Rf3 Nd2 42. Rg3 Nxb3 43. Rxb3 Rd2 44. Rf1 Nd3 45. Kh2 Nxf2 46. Rg3 Bd4
47. Rg8 Ra2 48. Re1 Kh5 49. Re6 Rxa4 50. Kg3 Nh1+ 51. Kf3 Ra3+ 52. Kf4 Be3+ 53.
Rxe3 Ra4+ 54. Kf5 Nf2 55. Rg5+ Kxh4 56. Rh3+ 1-0

[Event "40th Olympiad Open"]
[Site "Istanbul TUR"]
[Date "2012.08.31"]
[Round "4.38"]
[Board "1"]
[White "Amin, Bassem"]
[Black "Gwaze, Robert"]
[Result "1-0"]
[WhiteTitle "GM"]
[BlackTitle "IM"]
[WhiteElo "2643"]
[BlackElo "2454"]
[WhiteTeam "Egypt"]
[BlackTeam "Zimbabwe"]
[WhiteFideId "10601457"]
[BlackFideId "11000228"]
[EventDate "2012.08.28"]

1. e4 c5 2. Nf3 e6 3. d3 d5 4. Nbd2 Nc6 5. g3 Bd6 6. Bg2 Nge7 7. O-O O-O 8. Nh4
b6 9. f4 f6 10. Re1 Qc7 11. c3 Bd7 12. Ndf3 Be8 13. Qe2 Bh5 14. Bh3 e5 15. g4
Bf7 16. f5 c4 17. dxc4 dxe4 18. Nd2 Na5 19. b3 b5 20. Nxe4 bxc4 21. b4 Nb7 22.
g5 fxg5 23. Bxg5 Nd5 24. Qg4 Be7 25. Bxe7 Qxe7 26. f6 Nxf6 27. Nf5 Nxg4 28.
Nxe7+ Kh8 29. Bxg4 Rae8 30. Nf5 h5 31. Bd1 Bd5 32. Nh4 Re6 33. Ng5 Rd6 34. Rxe5
Rf4 35. Rxd5 1-0

[Event "40th Olympiad Open"]
[Site "Istanbul TUR"]
[Date "2012.08.31"]
[Round "4.38"]
[Board "2"]
[White "Mandiza, Farai"]
[Black "Adly, Ahmed"]
[Result "0-1"]
[WhiteTitle "IM"]
[BlackTitle "GM"]
[WhiteElo "2390"]
[BlackElo "2602"]
[WhiteTeam "Zimbabwe"]
[BlackTeam "Egypt"]
[WhiteFideId "11000430"]
[BlackFideId "10601619"]
[EventDate "2012.08.28"]

1. Nf3 Nf6 2. d4 d5 3. c4 e6 4. Nc3 c6 5. g3 dxc4 6. Bg2 b5 7. a4 b4 8. Nb1 Nbd7
9. O-O Ba6 10. Bg5 Rc8 11. Nbd2 c5 12. Rc1 cxd4 13. Nxd4 Ne5 14. N2f3 Bc5 15.
Nb5 Nxf3+ 16. Bxf3 O-O 17. e3 Bb6 18. Qc2 Qe7 19. Rfd1 h6 20. Bxf6 Qxf6 21. Be2
c3 22. bxc3 bxc3 23. Qe4 Bxb5 24. axb5 Rfd8 25. Rd3 Rc5 26. Rxd8+ Qxd8 27. Kf1
g6 28. Rc2 Qf6 29. Ke1 Rf5 30. Bd3 Rd5 31. Ke2 Ba5 32. Qc4 Qe5 33. Ra2 Bb6 34.
Rc2 Rc5 35. Qb4 Qh5+ 36. Ke1 Qe5 37. Ke2 Qc7 38. h4 Kg7 39. Qd4+ e5 40. Qb4 f5
41. Kf1 Ba5 42. Qa4 Kf6 43. Qa2 Qd8 44. Bc4 Kg7 45. Kg2 Qc7 46. Be2 h5 47. Bd3
Bb6 48. Qb3 Qc8 49. Rc1 f4 50. exf4 exf4 51. Re1 Qb7+ 52. Kh2 Qd5 53. Qc2 Qd6
54. Re8 fxg3+ 55. fxg3 Bc7 56. Re3 Qf6 57. Kg2 Be5 58. Qb3 Qd6 59. Rf3 Qd5 60.
Qc2 Qe6 61. Qe2 Qd5 62. Qc2 Qd6 63. Qa2 Rc7 64. Qb3 Bd4 65. Qa2 Bb6 66. Qc2 Qd4
67. Kh3 Re7 68. Rf4 Qd7+ 69. Kg2 Qd5+ 70. Kh2 Qc5 71. Rf1 Bc7 72. Rf3 Bb6 73.
Rf1 Re3 74. Bxg6 Qe5 75. Rf7+ Kg8 76. Bh7+ Kxf7 77. Qg6+ Ke7 0-1

[Event "40th Olympiad Open"]
[Site "Istanbul TUR"]
[Date "2012.08.31"]
[Round "4.38"]
[Board "3"]
[White "Labib, Ibrahim Hasan"]
[Black "Makoto, Rodwell"]
[Result "0-1"]
[WhiteTitle "IM"]
[WhiteElo "2429"]
[BlackElo "2254"]
[WhiteTeam "Egypt"]
[BlackTeam "Zimbabwe"]
[WhiteFideId "10600426"]
[BlackFideId "11000120"]
[EventDate "2012.08.28"]

1. e4 e5 2. Nf3 Nc6 3. Bb5 a6 4. Ba4 Nf6 5. O-O Be7 6. d3 b5 7. Bb3 O-O 8. a4 b4
9. Nbd2 Bc5 10. a5 d6 11. c3 Rb8 12. Bc4 Ba7 13. Qa4 Bd7 14. Qa2 Qc8 15. Re1 h6
16. Nf1 Be6 17. Ne3 Rb5 18. Bxe6 Qxe6 19. Bd2 Qxa2 20. Rxa2 bxc3 21. bxc3 Rfb8
22. Nc4 Nd7 23. Kf1 Nc5 24. Ke2 f5 25. exf5 e4 26. dxe4 Nxe4 27. Rc1 Nxf2 28.
Be3 Bxe3 29. Nxe3 Ne4 30. Rcc2 Re8 31. g4 Rb3 32. Kd3 Nxc3 33. Nd2 Nxa2+ 34.
Nxb3 Nab4+ 35. Kd2 Nxc2 0-1

[Event "40th Olympiad Open"]
[Site "Istanbul TUR"]
[Date "2012.08.31"]
[Round "4.38"]
[Board "4"]
[White "Masango, Spencer"]
[Black "Abdel Razik, Khaled"]
[Result "0-1"]
[BlackTitle "IM"]
[WhiteElo "2153"]
[BlackElo "2448"]
[WhiteTeam "Zimbabwe"]
[BlackTeam "Egypt"]
[WhiteFideId "14300753"]
[BlackFideId "10601104"]
[EventDate "2012.08.28"]

1. e4 e6 2. Nf3 d5 3. exd5 exd5 4. d4 Nf6 5. Bd3 c5 6. dxc5 Bxc5 7. Qe2+ Be6 8.
Bg5 O-O 9. Nbd2 Re8 10. O-O-O Nbd7 11. Nb3 Qc7 12. Qd2 Ne4 13. Bxe4 dxe4 14. Bf4
Qc8 15. Nfd4 Bxd4 16. Nxd4 Nc5 17. Nxe6 Qxe6 18. Kb1 Qg6 19. h4 Ne6 20. h5 Qg4
21. Bd6 Rad8 22. h6 g6 23. Qe3 Rd7 24. f3 Qxg2 25. Rhg1 Qxf3 26. Qxa7 Red8 27.
Qb6 e3 28. Rd3 Qc6 29. Qxc6 bxc6 30. Bb4 Rxd3 31. cxd3 f5 32. Rg3 f4 33. Rf3 g5 0-1

[Event "40th Olympiad Open"]
[Site "Istanbul TUR"]
[Date "2012.08.31"]
[Round "4.40"]
[Board "1"]
[White "Mok, Tze-Meng"]
[Black "Nyback, Tomi"]
[Result "1/2-1/2"]
[WhiteTitle "IM"]
[BlackTitle "GM"]
[WhiteElo "2354"]
[BlackElo "2638"]
[WhiteTeam "Malaysia"]
[BlackTeam "Finland"]
[WhiteFideId "5700329"]
[BlackFideId "503142"]
[EventDate "2012.08.28"]

1. e4 e5 2. Nf3 Nc6 3. Bb5 a6 4. Bxc6 dxc6 5. O-O Qd6 6. d3 Bg4 7. Nbd2 f6 8.
Nc4 Qd7 9. Ne3 Be6 10. d4 exd4 11. Qxd4 Qxd4 12. Nxd4 Bf7 13. b3 O-O-O 14. Bb2
Ne7 15. Rad1 Ng6 16. Ndf5 Re8 17. f3 Ne5 18. Kh1 h5 19. h4 g6 20. f4 Nd7 21. Ng3
Be7 22. Rf3 Rhg8 23. Ngf1 Nc5 24. e5 fxe5 25. fxe5 Be6 26. g3 Rd8 27. Rxd8+ Rxd8
28. Ba3 Kd7 29. Rf4 Ke8 30. Bxc5 Bxc5 31. Rf6 Bd5+ 32. Nxd5 Rxd5 33. Rxg6 Rxe5
34. Rg5 Rxg5 35. hxg5 Be7 36. Kg2 Bxg5 37. g4 hxg4 38. Kg3 Ke7 39. Kxg4 Bc1 40.
Kf5 Kd6 41. Ke4 Kc5 42. c3 Kb5 43. Ng3 c5 44. Ne2 Bh6 45. a4+ Ka5 46. Kd3 b5 47.
axb5 axb5 48. Ng3 Kb6 49. Nf5 Bg5 50. Ng7 Bf6 51. Nf5 c6 52. Nd6 Be5 53. Ne4 Bg7
54. Nd6 Bf8 55. Ne4 Kc7 56. Ng5 Kd6 57. Ne4+ Ke5 58. c4 b4 59. Nf2 Kf4 60. Ne4
Kf3 61. Nf6 Bd6 62. Nd7 Kf4 63. Nb6 Ke5 1/2-1/2